Bioanthropological analysis of Békés 103 (Jégvermi-kert, Lipcsei-tanya), a Bronze Age cemetery from southeastern Hungary
The analysis of human skeletal remains is an important tool for reconstructing aspects of health, diet, disease, and population structure (such as demographics, life expectancy, and mortality) in past populations. This study presents the recovery techniques and initial bioanthropological analysis of...
Elmentve itt :
| Szerzők: | |
|---|---|
| Dokumentumtípus: | Cikk |
| Megjelent: |
University of Szeged
Szeged
2016
|
| Sorozat: | Acta biologica Szegediensis
60 No. 2 |
| Kulcsszavak: | Régészet - bronzkori - Magyarország, Temetkezési szokások - hamvasztás, Régészeti leletek - bronzkori - helyreállítás |
| Tárgyszavak: | |
| Online Access: | http://acta.bibl.u-szeged.hu/47606 |
| LEADER | 01951nab a2200253 i 4500 | ||
|---|---|---|---|
| 001 | acta47606 | ||
| 005 | 20260513120739.0 | ||
| 008 | 170712s2016 hu o 000 eng d | ||
| 022 | |a 1588-385X | ||
| 040 | |a SZTE Egyetemi Kiadványok Repozitórium |b hun | ||
| 041 | |a eng | ||
| 100 | 1 | |a Paja László | |
| 245 | 1 | 0 | |a Bioanthropological analysis of Békés 103 (Jégvermi-kert, Lipcsei-tanya), a Bronze Age cemetery from southeastern Hungary |h [elektronikus dokumentum] / |c Paja László |
| 260 | |a University of Szeged |b Szeged |c 2016 | ||
| 300 | |a 183-192 | ||
| 490 | 0 | |a Acta biologica Szegediensis |v 60 No. 2 | |
| 520 | 3 | |a The analysis of human skeletal remains is an important tool for reconstructing aspects of health, diet, disease, and population structure (such as demographics, life expectancy, and mortality) in past populations. This study presents the recovery techniques and initial bioanthropological analysis of cremation and inhumation burials from the archaeological site of Békés 103, a Bronze Age cemetery located in southeastern Hungary. In all possible cases, analysts microexcavated cremation urns in a laboratory setting to ensure recovery of all fragmentary skeletal material and allow detailed spatial documentation of each burial’s contents. This report presents estimated age and sex information for each individual, provides a preliminary assessment of observable trends in the population, and offers a paleodemographic profile of the cemetery for comparison with contemporary prehistoric communities in Hungary. | |
| 650 | 4 | |a Bölcsészettudományok | |
| 650 | 4 | |a Történettudomány és régészet | |
| 695 | |a Régészet - bronzkori - Magyarország, Temetkezési szokások - hamvasztás, Régészeti leletek - bronzkori - helyreállítás | ||
| 700 | 0 | 1 | |a Duffy Paul R. |e aut |
| 700 | 0 | 1 | |a Parditka Györgyi M. |e aut |
| 700 | 0 | 1 | |a Giblin Julia I. |e aut |
| 856 | 4 | 0 | |u http://acta.bibl.u-szeged.hu/47606/1/60183.pdf |z Dokumentum-elérés |